| 000 | 01187cam a2200337 a 4500 | ||
|---|---|---|---|
| 999 |
_c36536 _d36536 |
||
| 001 | 254352 | ||
| 003 | OSt | ||
| 005 | 20220826155321.0 | ||
| 008 | 990624r19971928ii a b s001 0 eng | ||
| 010 | _a 99932217 | ||
| 020 | _a8185499306 | ||
| 025 | _aI-E-99-932217; 56-92 | ||
| 037 |
_bLibrary of Congress -- New Delhi Field Office _cRs230.00 |
||
| 040 |
_aDLC _cDLC _dDLC |
||
| 041 | 0 | _aengmal | |
| 042 | _alcode | ||
| 043 | _aa-ii--- | ||
| 050 | 0 | 0 |
_aDS485.K45 _bK47 1997 |
| 082 | 0 | 0 |
_a954.83 _221 _bTHA/K |
| 245 | 0 | 0 | _aKerala Society papers. |
| 260 |
_aThiruvananthapuram : _bState Editor, Kerala Gazetteers, _c1997. |
||
| 300 |
_a366 p. : _bill. ; _c26 cm. |
||
| 500 | _aOriginally published as serial. Ser. 1-11, also called v. 1-2. Trivandrum : Kerala Society, 1928-1933. With new introd. | ||
| 504 | _aIncludes bibliographical references and index. | ||
| 546 | _aEnglish and Malayalam. | ||
| 651 | 0 |
_aKerala (India) _xHistory. |
|
| 710 | 2 |
_aKerala Society _99079 |
|
| 906 |
_a7 _bcbc _corigode _d3 _encip _f19 _gy-gencatlg |
||
| 942 |
_2ddc _cBK _h954.83 _iTHA/K _k954.83 _mTHA/K |
||